000 01171nam a2200265 i 4500
001 190324
003 SpMaBN
005 20240410101055.0
008 201110s1975 sp |||| | spa d
080 _a871 Horacio Flaco, Quinto 1.05:860.09"15/16"
080 _a860.09"15/16":871 Horacio Flaco, Quinto 1.06
100 1 _aLópez Baez, María del Rosario.
_973428
245 1 0 _aHoracio en España :
_bsiglos XVI y XVII /
_cMaría del Rosario López Baez.
260 _aBarcelona :
_bUniversidad de Barcelona, [Facultad de Filosofía y Letras],
_c1975.
300 _a14 p. ;
_c24 cm.
502 _aTesis-Univ. Barcelona (Extracto)
594 _aPrecede al tít.: Universidad de Barcelona. Secretariado de Publicaciones, Intercambio Científico y Extensión Universitaria.
600 1 4 _aHoracio Flaco, Quinto-
_xInfluencia.
_9169534
650 4 _aLiteratura española-
_yS.XVI-XVII-
_xHistoria y crítica.
_914571
655 _aTesis y escritos académicos
_9226867
710 2 _aUniversidad de Barcelona.
_bFacultad de Filosofía y Letras.
_97149
852 4 _aES-MaACL
_jP-1415 (79)
_9197532
_bR-68610
_cDEPOF
942 _2udc
999 _c190324
_d190324